| Tag |
First Indicator |
Second Indicator |
Subfields |
| LEADER |
00000cam a2200000 i 4500 |
| 001 |
in00003716396 |
| 005 |
20170926150522.0 |
| 008 |
160929t20162016nyua b 001 0 eng |
| 010 |
|
|
|a 2016037687
|
| 020 |
|
|
|a 9780789212832
|q hardcover
|q alkaline paper
|
| 020 |
|
|
|a 0789212838
|q hardcover
|q alkaline paper
|
| 035 |
|
|
|a (OCoLC)ocn959667300
|
| 040 |
|
|
|a DLC
|e rda
|c DLC
|d UtOrBLW
|
| 043 |
|
|
|a n-us---
|
| 049 |
|
|
|a TXAM
|
| 050 |
0 |
0 |
|a HJ8119
|b .A94 2016
|
| 082 |
0 |
0 |
|a 336.73
|2 23
|
| 100 |
1 |
|
|a Axelrod, Alan,
|d 1952-
|e author.
|0 http://id.loc.gov/authorities/names/n82089155
|
| 245 |
1 |
0 |
|a Full faith and credit :
|b the national debt, taxes, spending, and the bankrupting of America /
|c Alan Axelrod ; featuring editorial cartoons by Michael Ramirez.
|
| 250 |
|
|
|a First edition.
|
| 264 |
|
1 |
|a New York :
|b Abbeville Press Publishers,
|c [2016]
|
| 264 |
|
4 |
|c ©2016
|
| 300 |
|
|
|a 496 pages :
|b color illustrations ;
|c 24 cm.
|
| 336 |
|
|
|a text
|b txt
|2 rdacontent
|
| 337 |
|
|
|a unmediated
|b n
|2 rdamedia
|
| 338 |
|
|
|a volume
|b nc
|2 rdacarrier
|
| 504 |
|
|
|a Includes bibliographical references and index.
|
| 650 |
|
0 |
|a Debts, Public
|z United States.
|0 http://id.loc.gov/authorities/subjects/sh2008102100
|
| 650 |
|
0 |
|a Fiscal policy
|z United States.
|0 http://id.loc.gov/authorities/subjects/sh2008103784
|
| 650 |
|
0 |
|a Government spending policy
|z United States.
|0 http://id.loc.gov/authorities/subjects/sh85056109
|
| 651 |
|
0 |
|a United States
|x Economic conditions.
|0 http://id.loc.gov/authorities/subjects/sh85140020
|
| 651 |
|
0 |
|a United States
|x Politics and government.
|0 http://id.loc.gov/authorities/subjects/sh85140410
|
| 700 |
1 |
|
|a Ramirez, Michael,
|e illustrator.
|0 http://id.loc.gov/authorities/names/no97010290
|
| 945 |
|
|
|b 845002
|
| 947 |
|
|
|a A14835972417
|
| 948 |
|
|
|a cataloged
|b h
|c 2016/11/15
|d c
|e dmitchel
|f 12:00:00 pm
|
| 994 |
|
|
|a 92
|b TXA
|
| 999 |
f |
f |
|s dfbb7fcd-8388-3466-8800-ae50087ca640
|i 341efcd9-04b9-312d-abbf-2b0f90b3b7ec
|t 0
|
| 952 |
f |
f |
|p normal
|a Texas A&M University
|b College Station
|c Sterling C. Evans Library
|d Evans: Library Stacks
|t 0
|e HJ8119 .A94 2016
|h Library of Congress classification
|i unmediated -- volume
|m A14835972417
|
| 998 |
f |
f |
|a HJ8119 .A94 2016
|t 0
|l Evans: Library Stacks
|